Estadísticas para 15 principales países con muertes de Covid-19 - 15 de junio

Haz click aquí para intentar la prueba.

Estadísticas generales

  • Esta prueba ha sido intentada 4 veces
  • La puntuación promedio es 16 de 20

Estadísticas de respuestas

país% Correcto
Alemania
100%
Bélgica
100%
Brasil
100%
España
100%
Estados Unidos
100%
Francia
100%
India
100%
Italia
100%
México
100%
Países Bajos
100%
Suiza
100%
Canadá
75%
Reino Unido
75%
Rusia
75%
Chile
50%
Ecuador
50%
Perú
50%
Suecia
50%
Irán
25%
Irlanda
25%

Distribución de puntuación

Porcentaje por número respondido

Porcentaje de gente con cada puntuación

Historial de tus puntuaciones

No has intentado esta prueba.